Historia /

Guardat en:
Dades bibliogràfiques
Autor principal: Huerta, David (autor)
Format: Llibre
Idioma:espanyol
Publicat: México : Toledo, 1990, c1990
Matèries:
Etiquetes: Afegir etiqueta
Sense etiquetes, Sigues el primer a etiquetar aquest registre!

MARC

LEADER 00000nam^a2200000^a^4500
001 000022607
005 20250521000000.0
009 20260310084501.942
020 |a 968-6332-09-X 
037 |a Acervo ITESO - Biblioteca 
041 |a ESP 
082 |a 861.  |b HUE 
100 |a Huerta, David  |e (autor) 
240 1 1 |a [Historia, poemario de David Huerta] 
245 1 0 |a Historia /  |c D. Huerta. 
264 4 |a México :  |b Toledo,  |c 1990, c1990 
300 |a 68 p. 
336 |a texto  |b txt  |2 rdacontenido 
337 |a sin mediación  |b n  |2 rdamedio 
338 |a volumen  |b nc  |2 rdasoporte 
545 0 |a David Huerta, hijo del poeta Efraín Huerta (1914-1982), nació en la ciudad de México 1949 y desde inicios de la década de 1970 ha desarrollado una obra poética que comprende El jardín de la luz (1972), Cuaderno de noviembre (1976), Huellas del civilizado (1977), Versión (1978), El espejo del cuerpo (1980), Lluvias de noviembre (1984), Incurable (1987), Historia (1990), Los objetos están más cerca de lo que aparentan (1991), Lápices de antes (1993), La sombra de los perros (1996) y La música de lo que pasa (1997), entre otros títulos. También ha incursionado en el ensayo, como ejemplifica Las intimidades colectivas (1982), y es autor de las antologías El cuento romántico (1973), Breve antología de Lezama Lima (1977) y El relato romántico (1983). 
586 |a Premio FIL de Literatura en Lenguas Romances 2019 
586 |a Premio Nacional de Ciencias y Artes, categoría Lingüística y Literatura (66°: 2015), ex aequo 
649 |a XX 
650 |a Poesía Mexicana 
650 |a Literatura Mexicana -  |y Siglo XX 
910 |a Fondo General 
920 |a Impresos - Libros 
930 |a Colección General 
940 |a Literatura 
905 |a 101 
901 |a 0226070100  |b IT1  |c LIT  |i 022607  |u 20250521 
901 |a 0500060436  |b IT1  |c LIT  |u 20250521 
902 |a https://opac.biblio.iteso.mx/vufind/Record/000022607